|
|
|
|
| LEADER |
00985nam a22002771 4500 |
| 001 |
c000053515 |
| 003 |
CARM |
| 005 |
00000000000000.0 |
| 008 |
850430s1965 nyua b 00010 eng |
| 019 |
1 |
|
|a 3856771
|z 25025417
|5 LACONCORD2021
|
| 035 |
|
|
|a (OCoLC)554970
|5 LACONCORD2021
|
| 040 |
|
|
|a DLC/ICU
|c ICU
|
| 050 |
0 |
0 |
|a QK882
|b .C57
|
| 100 |
1 |
|
|a Clayton, Roderick K.
|
| 245 |
1 |
0 |
|a Molecular physics in photosynthesis
|c [by] Roderick K. Clayton.
|
| 250 |
|
|
|a [1st ed.].
|
| 260 |
|
|
|a New York,
|b Blaisdell Pub. Co.
|c [1965]
|
| 300 |
|
|
|a 205 p.
|b illus.
|c 24 cm.
|
| 440 |
|
2 |
|a A Blaisdell book in the pure and applied sciences
|
| 504 |
|
|
|a Bibliography: p. 199-200.
|
| 650 |
|
0 |
|a Photosynthesis.
|
| 650 |
|
0 |
|a Molecules.
|
| 852 |
8 |
|
|b CARM
|h A2:AE37F0
|i C00108
|p 0005507
|f BK
|
| 082 |
0 |
4 |
|a 581.13342
|
| 999 |
f |
f |
|i 72a723f6-bfbe-53b7-9889-3fd617773425
|s 2ee8f679-ddfe-54ca-be90-ba893c243ebf
|
| 952 |
f |
f |
|p Can circulate
|a CAVAL
|b CAVAL
|c CAVAL
|d CARM 1 Store
|e C00108
|f A2:AE37F0
|h Other scheme
|i book
|m 0005507
|